000 00697nas a2200229 i 4500
001 173070
003 ES-MaACL
005 20250814015829.0
008 091027d19481996sp n p 0 |spa|d
022 _a0365-1800
080 _a58
245 0 0 _aAnales de la Estacion Experimental de Aula Dei.
260 _aZaragoza :
_bConsejo Superior de Investigaciones Científicas,
_c1948-1996.
300 _a2 v. :
_bil. ;
_c24 cm.
310 _aIrregular
362 0 _aVol. 1, n. 1 -v. 22.
650 7 _aBotánica
_2embne
_910610
710 2 _aEstación Experimental de Aula Dei.
_94015
852 1 _aBA
_jC-37892-93
866 0 _o(1969 v. 9 n. 2-4 y v. 10 n. 1-2)
999 _c173070
_d173070